=LDR 00000nam 2200000 4500 =001 INLIS000000000061071 =005 20220607093046 =035 ##$$a 0010-0622000061 =007 ta =008 220607###########################0#ind## =020 ##$$a 978-602-02-5105-9 =082 ##$$a 306.951 =084 ##$$a 306.951 Chi c =245 ##$$a Chinese Auspicious Culture =250 ##$$a cet 2 =260 ##$$a Jakarta :$b Elex Media komputindo,$c 2015 =300 ##$$a 245 halaman : $b ilustrasi ; $c 24 cm =650 #4$$a Budaya - Etnis Cina =990 ##$$a 21022102